| 000 | 00736cam a2200193 4500 | ||
|---|---|---|---|
| 001 | WB3805-18 | ||
| 008 | 020206n2002 000 0 eng u | ||
| 035 | _a(Sirsi) u116625 | ||
| 245 | _aStock transfer boom | ||
| 260 | _c2002 | ||
| 490 |
_aSocial Housing _v14(1) January 2002, 1(1) |
||
| 520 | _aLoan fundings for social landlords are set to scale new peaks this year. Latest estimates indicate potential growth in loan demand from £3.47bn last year to £6.28bn in 2002, lifting the social housing sector's aggregate 1988-2002 loan facilities to nearly £30bn. Table. | ||
| 590 | _aWB | ||
| 650 | _aSOCIAL LANDLORDS | ||
| 650 | _aSTOCK TRANSFER | ||
| 650 | _aREGENERATION | ||
| 690 |
_aAffordable housing _96215 |
||
| 942 | _n0 | ||
| 999 |
_c69447 _d69447 |
||